The Hebrides Quiz Stats

 Plays Quiz not verified by Sporcle

Score 0/10 Timer 01:30
0 Plays Today
% Correct
North Uist
88%
Mull
86.7%
Lewis and Harris
85.3%
Islay
85.3%
South Uist
81.3%
Skye
81.3%
Jura
76%
Tiree
76%
Benbecula
72%
Great Bernera
60%

You're not logged in!

Compare scores with friends on all Sporcle quizzes.
OR
Log In

Show Comments

Extras

Top Quizzes Today


Score Distribution

Your Account Isn't Verified!

In order to create a playlist on Sporcle, you need to verify the email address you used during registration. Go to your Sporcle Settings to finish the process.

Report this User

Report this user for behavior that violates our Community Guidelines.

Details: